Georgian Script (Mkhedruli) - Statistics

General Stats
  • This quiz has been taken 35 times
  • The average score is 21 of 33
Answer Stats
Hint Answer % Correct
e
94%
l
88%
a
81%
i
81%
o
81%
k
75%
b
69%
g
69%
k'
69%
m
69%
n
69%
p'
69%
s
69%
t
69%
t'
69%
v
69%
d
63%
r
63%
u
63%
z
63%
ch
56%
p
56%
ts'
56%
ch'
50%
dz
50%
gh
50%
h
50%
j
50%
q'
50%
sh
50%
ts
38%
x
38%
zh
38%
No matching quizzes found
Score Distribution
Percent of People with Each Score
Percentile by Number Answered
Your Score History
You have not taken this quiz